000 00885cam a2200277u 4500
001 1025
003 BD-RjUL
005 20211208233251.0
008 131124r19481935enk 001 0 eng d
035 _a(BD-RjUL)1047
040 _aDLC
_cCarP
_dDLC
_beng
041 _aeng
082 _222
_a109.2
_bJOR 1935
100 1 _aJoad, Cyril Edwin Mitchinson,
_d1891- [from old catalog]
_93017
245 1 0 _aReturn to philosophy: being a defence of reason,
_ban affirmation of values, and a plea for philosophy /
260 _aLondon :
_bFaber and Faber limited,
_c1935 [reprinted1948].
300 _a190 p. ;
_c20 cm.
600 1 0 _aHuxley, Aldous,
_d1894-1963
_xPhilosophy.
_9116135
650 0 _aPhilosophers --History.
_93019
650 0 _aReason.
_9297
650 0 _aTruth.
_9362
650 0 _aValues.
_93020
942 _2ddc
_cBK
999 _c1025
_d1025